Minecraft Movie A-Z Answers - Statistics

General Stats
  • This quiz has been taken 62 times
  • The average score is 15 of 26
Answer Stats
Hint Answer % Correct
Steve wears Diamond _____ for the final battle Armor
93%
Garret had to fight what creature in the ring Chicken Jockey
85%
Dimension where the antagonist lives Nether
83%
Kid who opened the portal to Minecraft Henry
80%
Dimension where the heroes arrive first Overworld
78%
Poking the tentacles of a Ghast makes it shoot a… Fireball
72%
Main type of minion the antagonist uses Piglin
72%
What Henry tries to make and test at school Jetpack
67%
Steve’s type of chicken, he runs a shop with it in the name Lava
67%
Henry uses firework ______s for propulsion Rocket
67%
What the mobs threaten to blow up the bridge with TNT
67%
Language many of Garret’s jokes are in Spanish
65%
What Garret wants from Steve in exchange for the Orb Diamond
61%
Steve gives this to Henry and Garret to help escape Elytra
61%
They make a bunch of these for the final battle Iron Golem
59%
When Steve was a child, he _______ for the mines Yearned
59%
The kids use which of Steve’s stash items for the final, stronger Golem Boots of Swiftness
54%
The main antagonist Malgosha
50%
Mob that surrounds the boxing ring Vindicator
50%
What Henry must be so he doesn’t attract attention from the Vindicators Quiet
39%
In order to get the Earth Cube, Steve and the boys must go to the Woodland Mansion
37%
Steve says this before flicking the lever on a chicken to cook it Uh oh
35%
Zombies look like Steve and skeletons look like Steve’s _-___ X-Ray
30%
What Steve nicknames Garret Gar Gar
22%
Finish the lyric: Higher than __________ (a mountain) Kilimanjaro
11%
Song that plays during the attack on Midport Village Zero to Hero
7%
No matching quizzes found
Score Distribution
Percent of People with Each Score
Percentile by Number Answered
Your Score History
You have not taken this quiz